Politicko-administratívne vzťahy na úrovni ústredných orgánov vlády SR

Pohľad na vzťahy medzi politikou a administratívou, spoluprácu volených politikov a menovaných autorít. Ich vplyv na výkon moci a legitimitu vlády. Teoretické modely vysvetľujúce vzťah medzi politikmi a vysokými štátnymi úradníkmi. Politické prostredie a kultúra na Slovensku. Klasifikácia podľa Pete...

Description complète

Enregistré dans:
Détails bibliographiques
Auteur principal: Malíková, Ľudmila
Autres auteurs: Staroňová, Katarína
Format: Chapitre de livre
Langue:slovaque
Sujets:
Tags: Ajouter un tag
Pas de tags, Soyez le premier à ajouter un tag!

MARC

LEADER 00000naa a2200000 4500
001 r044501
005 20230929071110.0
041 0 |a slo 
044 |a SK 
245 1 0 |a Politicko-administratívne vzťahy na úrovni ústredných orgánov vlády SR  |c Ľudmila Malíková, Katarína Staroňová 
520 |a Pohľad na vzťahy medzi politikou a administratívou, spoluprácu volených politikov a menovaných autorít. Ich vplyv na výkon moci a legitimitu vlády. Teoretické modely vysvetľujúce vzťah medzi politikmi a vysokými štátnymi úradníkmi. Politické prostredie a kultúra na Slovensku. Klasifikácia podľa Petersa. 
610 2 0 |a vzťahy spoločenské 
610 2 0 |a politika 
610 2 0 |a administratíva 
610 2 0 |a Slovensko 
610 2 0 |a orgány štátne 
610 2 0 |a orgány zastupiteľské 
100 1 |a Malíková, Ľudmila 
700 1 |a Staroňová, Katarína